| 000 | 01601nam a2200229Ia 4500 | ||
|---|---|---|---|
| 003 | Ost | ||
| 005 | 20260507075213.0 | ||
| 008 | 260507s9999||||xx |||||||||||||| ||und|| | ||
| 040 | _cfsecg | ||
| 041 | _aara | ||
| 082 | _a330 | ||
| 100 |
_aالغدير، حمد راشد _eمؤلف |
||
| 245 | 0 |
_aتكنولوجيا ادارة الشراء و التخزين / _c حمد راشد الغدير |
|
| 260 |
_aعمان: _bدار زهران, _c2010 |
||
| 300 |
_a373 صفحة؛ _c24 سم |
||
| 504 | _aمراجع ص.369 | ||
| 520 | _aماهية وظيفة الشراء و تنظيم ادارة المشتريات ، الاجراءات العامة في وظيفة الشراء و سياسات الشراء ، إختيار مصدر التوريد المناسب ، الأصول العلمية للشراء ، شراء التجهيزات الرأسمالية ، الاستلام و الفحص ، تخطيط المشتريات و الموازنات التقديرية ، تقييم أداء و ظيفة الشراء ، ماهية إدارة المخازن ، المخازن و غجراءات التخزين و سجلات المخازن ، المناولة في المخازن ، موقع و تصميم المخزن ، جرد المخازن و الرقابة على المخزون ، سياسات و تخطيط المخزون ، النماذج المستخدمة في تقييم وظيفة التخزين ، أمثلة تطبيقية على بعض النواحي الكمية . | ||
| 653 | _aأدارة المبيعات | ||
| 653 | _aالشراء | ||
| 653 | _aتكنولوجيا | ||
| 942 | _cكتاب | ||
| 999 |
_c43478 _d43478 |
||